|
|
|
|
| LEADER |
00000cam a2200000 7i4500 |
| 001 |
0000002815 |
| 002 |
000003046 |
| 005 |
20000330.0 |
| 020 |
|
|
|a 983819090X
|
| 090 |
0 |
0 |
|a 297.22
|b AFI
|
| 100 |
0 |
|
|a Afif Abdul Fattah Tobbaroh
|f Dr
|
| 245 |
1 |
0 |
|a Mengenali dosa-dosa besar
|c Dr.Afif Abdul Tobbaroh ; alihbahasa oleh Mohd Sofwan Amrullah N
|
| 260 |
|
|
|a Kuala Lumpur :
|b Penerbitan Kintan ,
|c 1994
|
| 300 |
|
|
|a 152p. ;
|c 20cm.
|
| 650 |
0 |
0 |
|a Sin (Islam)
|
| 700 |
0 |
|
|a Mohd.Sofwan Amrullah N
|
| 999 |
|
|
|a 044020
|b BUKU
|c PINJAMAN
|e PERPUSTAKAAN KOMUNITI PETALING JAYA
|
| 999 |
|
|
|a 044021
|b BUKU
|c PINJAMAN
|e PERPUSTAKAAN KOMUNITI PETALING JAYA
|
| 999 |
|
|
|a 046301
|b BUKU
|c PINJAMAN
|e PERPUSTAKAAN KOMUNITI CAW KOTA DAMANSARA
|